000 00245 a2200097 4500
001 34954
100 _aROS George Rosie
245 _aDirectory of International Terrorism
260 _aEdimgurg
_bMainstream Pub Co Ltd
_c
090 _c23116
_d23116
942 _aNUST-CAE
_cM
_c14577
999 _c270027
_d270027